Get the Picture: TV Black Cats Quiz Stats

 Plays Quiz Updated Aug 18, 2019

Score 0/12 Timer 02:00
0 Plays Today
Question Answer Wrong Answers
Which cat is featured on the animated sitcom The Simpsons? Snowball II
96.1%
Salem Saberhagen
0.5%
Felix the Cat
0.5%
Sylvester
0.3%
Which cat is known for chasing other characters (e.g. Tweety Bird, Speedy Gonzales, Hippety Hopper)? Sylvester
96.1%
Snowball II
0.6%
Salem Saberhagen
0.3%
Felix the Cat
0.3%
Which cat is featured on the late 90's sitcom Sabrina the Teenage Witch? Salem Saberhagen
96%
Snowball II
0.8%
Felix the Cat
0.4%
Sylvester
0.3%
Which cat was featured on the Looney Tunes and Merrie Melodies cartoon series? Sylvester
93.3%
Snowball II
0.6%
Salem Saberhagen
0.2%
Felix the Cat
3.3%
Which cat was originally created during the silent film era? Felix the Cat
93.1%
Snowball II
0.8%
Salem Saberhagen
0.9%
Sylvester
2.6%
Which cat once had feelings for 'Scratchy', an animated cat from a TV show? Snowball II
87.3%
Salem Saberhagen
5.3%
Felix the Cat
3.2%
Sylvester
1.7%
Which cat has been voiced by Mel Blanc, Joe Alaskey, and Jeff Bergman? Sylvester
85.6%
Snowball II
2.3%
Salem Saberhagen
4.6%
Felix the Cat
4.8%
Which cat, though lacking a regular speaking part, has been voiced by Dan Castellaneta and Frank Welker? Snowball II
75.6%
Salem Saberhagen
8.1%
Felix the Cat
9.3%
Sylvester
4.4%
Which cat said, 'Finally, someone whose life is more pathetic than mine'? Salem Saberhagen
68.5%
Snowball II
9.6%
Felix the Cat
2.9%
Sylvester
16.3%
Which cat was created by Pat Sullivan and Otto Messmer? Felix the Cat
64.8%
Snowball II
9.6%
Salem Saberhagen
10.4%
Sylvester
12.6%
Which cat has been voiced by Nick Bakay, Ian James Corlett, and Maurice LaMarche? Salem Saberhagen
48.4%
Snowball II
8.1%
Felix the Cat
19.7%
Sylvester
21%
Which cat has two nephews named Inky and Winky? Felix the Cat
47.3%
Snowball II
17.9%
Salem Saberhagen
8.5%
Sylvester
23.9%

Today's Daily Dose

Missing Word
Celine Dion

Word Ladder
Dr. Seuss Books

Quick Pick
Cities in India

Get the Picture
'A' Actresses

You're not logged in!

Compare scores with friends on all Sporcle quizzes.
OR
Log In

Sporcle TV

Today on Sporcle TV


Watch our educational content, quiz creation guides, and fun videos on Sporcle TV.

Show Comments

Extras

Top Quizzes Today


Score Distribution

Your Account Isn't Verified!

In order to create a playlist on Sporcle, you need to verify the email address you used during registration. Go to your Sporcle Settings to finish the process.

Report this User

Report this user for behavior that violates our Community Guidelines.

Details: